000 00836nam a2200121Ia 4500
008 220620s9999||||xx |||||||||||||| ||und||
100 _aAlagha, Joseph
245 4 _aThe Shifts in Hizbullah's Ideology
_bReligious Ideology, Political Ideology, and Political Program
546 _aEnglish[eng]
650 _amartyrdom||wetenschap algemeen||hizbullah's ideology||islamic state||israel and us||integration (infitah)||interest (maslaha)||oppressors and oppressed||pan-islamism||anti-imperialism||popular science||greater and smaller jihad
856 _uhttps://library.oapen.org/bitstream/20.500.12657/34568/1/406971.pdf||https://library.oapen.org/bitstream/20.500.12657/34568/1/406971.pdf||https://library.oapen.org/bitstream/20.500.12657/34568/1/406971.pdf||https://library.oapen.org/bitstream/20.500.12657/34568/1/406971.pdf
942 _cEB
999 _c27822
_d27822